Name that Celebrity Initial #2 - Statistics

General Stats
  • This quiz has been taken 108 times
    72 since last reset
  • The average score is 10 of 40
Answer Stats
Hint Answer % Correct
J. P. Morgan John
93%
J. D. Rockefeller John
93%
J. R. Ewing John
93%
W. E. B. Du Bois William
73%
J. M. Barrie James
69%
D. W. Griffith David
55%
W. E. B. Du Bois Edward
49%
R. L. Stine Robert
49%
B. J. Novak Benjamin
35%
B. A. Barracus Bad
24%
F. W. De Klerk Frederik
24%
J. C. Bamford Joseph
24%
B. J. Novak Joseph
24%
P. T. Barnum Phineas
24%
H. P Lovecraft Howard
22%
B. A. Barracus Attitude
20%
R. L. Stine Lawrence
20%
J. R. Ewing Ross
18%
P. L. Travers Pamela
16%
P. T. Barnum Taylor
13%
B. B. King Boy
11%
W. H. Auden Hugh
11%
C. J. Parker Jean
11%
E. L. James Leonard
11%
E. T. A. Hoffman Theodor
11%
F. W. De Klerk Willem
11%
B. B. King Blues
9%
J. M. Barrie Matthew
9%
E. L. James Erika
7%
W. H. Auden Wystan
7%
E. T. A. Hoffman Amadeus
5%
C. J. Parker Casey
5%
J. D. Rockefeller Davison
5%
E. T. A. Hoffman Ernst
5%
P. L. Travers Lyndon
5%
J. P. Morgan Pierpoint
5%
D. W. Griffith Wark
5%
W. E. B. Du Bois Burghardt
4%
J. C. Bamford Cyril
4%
H. P Lovecraft Phillips
4%
No matching quizzes found
Score Distribution
Percent of People with Each Score
Percentile by Number Answered
Your Score History
You have not taken this quiz since the last reset